000 00643cam a2200145 4500500
005 20260208010045.0
041 _afre
042 _adc
100 1 0 _aBaron, Anne-Marie
_eauthor
245 0 0 _aMARY DONALDSON-EVANS, « Madame Bovary » at the movies. Adaptation, ideology, context. Amsterdam-New York, NY, Rodopi, coll. « Faux-titre », 2009. Un vol. de 218 p.
260 _c2011.
500 _a8
786 0 _nRevue d'histoire littéraire de la France | 111 | 2 | 2011-05-16 | p. 455zi-508zi | 0035-2411
856 4 1 _uhttps://shs.cairn.info/revue-d-histoire-litteraire-de-la-france-2011-2-page-455zi?lang=fr&redirect-ssocas=7080
999 _c1654969
_d1654969